| 000 | 00571nam a22001817a 4500 | ||
|---|---|---|---|
| 999 |
_c180034 _d180034 |
||
| 005 | 20210722110749.0 | ||
| 010 | _aENG-129607 | ||
| 020 |
_a978-81-927999-3-3 _c990.00 |
||
| 035 | _aEN-113139 | ||
| 037 | _bDBAD/PUB | ||
| 082 | _a309.173092 | ||
| 100 | _aReddy, V Rami | ||
| 245 |
_aFoundations of Physical Anthropology and Human Evolution/ _cby V. Rami Reddy |
||
| 260 |
_aTirupati _bV.Indira _c2018 |
||
| 270 |
_a8-30,Vidyanagar, _bSvunt colony, Tirupati _e517502 |
||
| 300 |
_a246p. _c26cm(pbk) _bBibliography |
||
| 942 |
_2ddc _cEN _h309.173092 _mRED |
||